00495nam a2200157Ia 4500008004100000020001900041041000800060082001700068100001500085245004200100260003100142300000900173650002300182999002100205952011100226260223s2024 xx 000 0 und d a978-0023685205 aeng a610.7307/GUP aGupta.R.K. aPofessional Trends (New Syllabus GNM) aB.S.B. PunebPV, Pubc2024 a110P aPofessional Trends c1216456d1216456 00104070aNCMbNCMd2026-01-22g175.00l0o610.7307/GUPpNCM-N-4543r2026-02-23 00:00:00w2026-02-23yBK